[Event "AUT-chT2O 2324"]
[White "Djeno, Drago"]
[Black "Bawart, Markus"]
[Site "Austria"]
[Round "10.3"]
[Result "1/2-1/2"]
[Date "2024.04.20"]
[WhiteElo "2211"]
[BlackElo "2325"]
[PlyCount "62"]
[EventDate "2023.10.13"]
[EventType "team-tourn"]
[EventRounds "11"]
[EventCountry "AUT"]
[SourceTitle "EXT 2025"]
[Source "ChessBase"]
[SourceDate "2024.10.14"]
[SourceVersion "1"]
[SourceVersionDate "2024.10.14"]
[SourceQuality "1"]
[WhiteTeam "Krems Voest"]
[BlackTeam "Amateure"]
[WhiteTeamCountry "AUT"]
[BlackTeamCountry "AUT"]

1. Nf3 g6 2. g3 Bg7 3. Bg2 e5 4. Nc3 d5 5. d3 d4 6. Ne4 f5 7. Ned2 Nc6 8. c3 Be6 9. 0-0 Nge7 10. cxd4 exd4 11. Ng5 Bg8 12. Nb3 h6 13. Nf3 Bd5 14. Bd2 0-0 15. Na5 Nxa5 16. Bxa5 b6 17. Bd2 c5 18. Ne1 Nc6 19. Bxd5+ Qxd5 20. Nf3 Rfe8 21. Re1 Re6 22. Qc1 g5 23. Qc4 Qxc4 24. dxc4 Rae8 25. Kf1 d3 26. exd3 Bxb2 27. Rab1 Rxe1+ 28. Nxe1 Bf6 29. a4 Nb4 30. Bxb4 cxb4 31. Nc2 a5 1/2-1/2

[Event "EU-Cup 27th"]
[White "Bawart, Markus"]
[Black "Byron, Alan M"]
[Site "Rogaska Slatina"]
[Round "4"]
[Result "1/2-1/2"]
[Date "2011.09.28"]
[WhiteElo "2417"]
[BlackElo "2243"]
[PlyCount "35"]
[EventDate "2011.09.25"]
[EventType "team-swiss"]
[EventRounds "7"]
[EventCountry "SLO"]
[SourceTitle "CBM 145"]
[Source "ChessBase"]
[SourceDate "2011.11.11"]
[SourceVersion "1"]
[SourceVersionDate "2011.11.11"]
[SourceQuality "1"]
[WhiteTeam "Baden Invest"]
[BlackTeam "e2e4.org.uk"]
[WhiteTeamCountry "AUT"]
[BlackTeamCountry "ENG"]

1. Nf3 Nf6 2. c4 c6 3. d4 d5 4. Nc3 a6 5. c5 g6 6. Bf4 Bg7 7. e3 Nh5 8. Be5 Bxe5 9. Nxe5 Nd7 10. Nxd7 Bxd7 11. Be2 Nf6 12. 0-0 h5 13. Qb3 Qc7 14. Qb6 Qb8 15. f4 Bf5 16. Qa5 h4 17. Na4 h3 18. g3 1/2-1/2

[Event "EU-Cup 27th"]
[White "Bawart, Markus"]
[Black "Guxho, Clirim"]
[Site "Rogaska Slatina"]
[Round "2"]
[Result "0-1"]
[Date "2011.09.26"]
[WhiteElo "2417"]
[BlackElo "2044"]
[PlyCount "76"]
[EventDate "2011.09.25"]
[EventType "team-swiss"]
[EventRounds "7"]
[EventCountry "SLO"]
[SourceTitle "CBM 145"]
[Source "ChessBase"]
[SourceDate "2011.11.11"]
[SourceVersion "1"]
[SourceVersionDate "2011.11.11"]
[SourceQuality "1"]
[WhiteTeam "Baden Invest"]
[BlackTeam "Veleciku"]
[WhiteTeamCountry "AUT"]
[BlackTeamCountry "ALB"]

1. Nf3 Nf6 2. g3 d5 3. Bg2 c5 4. 0-0 Nc6 5. d4 Bg4 6. Ne5 Bf5 7. Nxc6 bxc6 8. c4 e6 9. Qa4 Qd7 10. dxc5 Bxc5 11. Nc3 0-0 12. Bg5 Qb7 13. Bxf6 gxf6 14. cxd5 Qxb2 15. Rac1 cxd5 16. Qf4 Bb4 17. e4 Bg6 18. Qxf6 Bxc3 19. Rxc3 Rac8 20. Rfc1 Qxc1+ 21. Rxc1 Rxc1+ 22. Bf1 Rb8 23. e5 h6 24. Kg2 Be4+ 25. f3 Rb2+ 26. Kh3 Bf5+ 27. g4 Rxf1 28. gxf5 Rxf3+ 29. Kg4 Rxf5 30. Qd8+ Kg7 31. h4 Rxa2 32. Qc7 a5 33. Qc3 Ra4+ 34. Kh3 Rff4 35. h5 Rab4 36. Qg3+ Rg4 37. Qc3 a4 38. Qc7 Rgc4 0-1

[Event "Niederoesterreich Landesliga 1011"]
[White "Knoll, Hermann"]
[Black "Bawart, Markus"]
[Site "Austria"]
[Round "9"]
[Result "1/2-1/2"]
[Date "2011.01.23"]
[WhiteElo "2363"]
[BlackElo "2385"]
[PlyCount "99"]
[EventDate "2010.09.12"]
[EventType "team-tourn"]
[EventRounds "13"]
[EventCountry "AUT"]
[SourceTitle "EXT 2022"]
[Source "ChessBase"]
[SourceDate "2021.10.06"]
[SourceVersion "1"]
[SourceVersionDate "2021.10.06"]
[SourceQuality "1"]

1. e4 d5 2. exd5 Qxd5 3. Nc3 Qd6 4. d4 Nf6 5. Nf3 Nc6 6. Nb5 Qd8 7. Bf4 Nd5 8. Bg3 a6 9. Na3 Bg4 10. c4 e5 11. Be2 Bb4+ 12. Kf1 e4 13. Ne5 Bxe2+ 14. Qxe2 Nf6 15. Nxc6 bxc6 16. Nc2 Be7 17. Rd1 0-0 18. Ne3 Re8 19. h3 Bd6 20. Bh4 Rb8 21. Ng4 Be7 22. Ne5 Qd6 23. Bg3 Qe6 24. Kg1 e3 25. fxe3 Ne4 26. Be1 Bd6 27. Nxc6 Rb6 28. d5 Qf6 29. b4 Nc3 30. Bxc3 Qxc3 31. Qd3 Qb2 32. c5 Bg3 33. Rf1 Rxc6 34. dxc6 Qxb4 35. Qd7 Rf8 36. Qd4 Qa3 37. h4 Re8 38. e4 Be5 39. Qf2 f6 40. Rh3 Qa4 41. Qe2 Bd4+ 42. Kh1 Bxc5 43. Qh5 Re5 44. Qd1 Qxc6 45. Qb3+ Kf8 46. Rc1 Rxe4 47. Qc2 Kg8 48. Qb3+ Kf8 49. Qc2 Kg8 50. Qb3+ 1/2-1/2

[Event "AUT-chT2O 0910"]
[White "Bawart, Markus"]
[Black "Groetz, Harald"]
[Site "Austria"]
[Round "10.3"]
[Result "0-1"]
[Date "2010.04.17"]
[WhiteElo "2399"]
[BlackElo "2332"]
[PlyCount "118"]
[EventDate "2009.10.17"]
[EventType "team-tourn"]
[EventRounds "11"]
[EventCountry "AUT"]
[SourceTitle "EXT 2011"]
[Source "ChessBase"]
[SourceDate "2010.11.26"]
[SourceVersion "1"]
[SourceVersionDate "2010.11.26"]
[SourceQuality "1"]
[WhiteTeam "Baden Invest II"]
[BlackTeam "Wieden"]
[WhiteTeamCountry "AUT"]
[BlackTeamCountry "AUT"]

1. d4 d5 2. Bf4 Nf6 3. e3 c6 4. Nd2 Bf5 5. Ngf3 e6 6. Be2 h6 7. 0-0 Nbd7 8. c4 Be7 9. Qb3 Qb6 10. c5 Qxb3 11. axb3 Ne4 12. Nxe4 dxe4 13. Ne5 g5 14. Nxd7 Kxd7 15. Bg3 h5 16. h3 a6 17. b4 Rag8 18. Kh1 Rh7 19. b5 cxb5 20. c6+ Kxc6 21. Rfc1+ Kb6 22. Bc7+ Ka7 23. Bxb5 Bd8 24. Bxa6 bxa6 25. Bxd8 Rxd8 26. Rc6 Rd7 27. Rcxa6+ Kb7 28. Ra7+ Kc8 29. Ra8+ Kc7 30. R1a6 f6 31. b4 Rd5 32. R8a7+ Kd8 33. Ra8+ Ke7 34. Rb8 Kf7 35. b5 Kg6 36. b6 Rdd7 37. Rg8+ Kh6 38. Rf8 Kg6 39. Rg8+ Kh6 40. Rf8 Rb7 41. Kh2 h4 42. d5 Kg7 43. Rd8 exd5 44. Rxd5 Kg6 45. Raa5 Be6 46. Rd6 Rhe7 47. Ra4 Bf5 48. Ra5 Red7 49. Rc6 Re7 50. Ra8 Bd7 51. Rd6 Re6 52. Ra7 Rxd6 53. Rxb7 Kf5 54. Rb8 Ke6 55. g3 hxg3+ 56. Kxg3 Rd2 57. Rh8 Rb2 58. h4 gxh4+ 59. Rxh4 Bc6 0-1

[Event "AUT-chT2O 0910"]
[White "Bawart, Markus"]
[Black "Vlcek, Stanislav"]
[Site "Austria"]
[Round "6.3"]
[Result "1-0"]
[Date "2010.01.31"]
[WhiteElo "2399"]
[BlackElo "2286"]
[PlyCount "45"]
[EventDate "2009.10.17"]
[EventType "team-tourn"]
[EventRounds "11"]
[EventCountry "AUT"]
[SourceTitle "EXT 2011"]
[Source "ChessBase"]
[SourceDate "2010.11.26"]
[SourceVersion "1"]
[SourceVersionDate "2010.11.26"]
[SourceQuality "1"]
[WhiteTeam "Baden Invest II"]
[BlackTeam "Nickelsdorf"]
[WhiteTeamCountry "AUT"]
[BlackTeamCountry "AUT"]

1. c4 c5 2. Nf3 b6 3. e3 Nf6 4. d4 e6 5. Bd3 Bb7 6. 0-0 Be7 7. Nc3 0-0 8. d5 exd5 9. cxd5 d6 10. e4 Ba6 11. Bxa6 Nxa6 12. Re1 Nd7 13. Bf4 Nc7 14. Qa4 a6 15. Qc6 Nb5 16. Nxb5 Rc8 17. Na7 Rxc6 18. Nxc6 Qe8 19. e5 dxe5 20. Bxe5 f6 21. Bg3 Ne5 22. Nfxe5 fxe5 23. Rxe5 1-0

[Event "AUT-chT2O 0910"]
[White "Bawart, Markus"]
[Black "Steiner, Bruno"]
[Site "Austria"]
[Round "3.3"]
[Result "1-0"]
[Date "2009.11.14"]
[WhiteElo "2399"]
[BlackElo "2184"]
[PlyCount "89"]
[EventDate "2009.10.17"]
[EventType "team-tourn"]
[EventRounds "11"]
[EventCountry "AUT"]
[SourceTitle "EXT 2010"]
[Source "ChessBase"]
[SourceDate "2010.11.25"]
[SourceVersion "1"]
[SourceVersionDate "2010.11.25"]
[SourceQuality "1"]
[WhiteTeam "Baden Invest II"]
[BlackTeam "St Poelten"]
[WhiteTeamCountry "AUT"]
[BlackTeamCountry "AUT"]

1. Nf3 d5 2. g3 c6 3. Bg2 Bg4 4. h3 Bxf3 5. Bxf3 Nf6 6. d3 Nbd7 7. 0-0 e6 8. e4 dxe4 9. dxe4 Qc7 10. Bg2 Bc5 11. Bf4 e5 12. Bd2 0-0 13. a4 b5 14. axb5 cxb5 15. Nc3 a6 16. Qe2 Bd4 17. Rfc1 Nb6 18. Nd1 Nc4 19. c3 Bb6 20. Bg5 Qc6 21. b3 Na5 22. Rab1 Qe6 23. c4 bxc4 24. bxc4 Bc5 25. Nc3 Nc6 26. Nd5 Ne8 27. h4 h6 28. Bd2 Nd4 29. Qd1 Qd6 30. Rb7 Qd8 31. Rcb1 Kh8 32. Nb6 Nd6 33. Rd7 Qe8 34. Rc7 Bxb6 35. Rxb6 Qd8 36. Bxh6 gxh6 37. Qh5 Kh7 38. Qxe5 Qxc7 39. Rxd6 Ne2+ 40. Kh2 Qc8 41. Qh5 f6 42. Bh3 Qe8 43. Rd7+ Qxd7 44. Bxd7 Nd4 45. Qd1 1-0

[Event "Niederoesterreich Landesliga 0910"]
[White "Bawart, Markus"]
[Black "Schroll, Gerhard"]
[Site "Austria"]
[Round "3"]
[Result "0-1"]
[Date "2009.10.25"]
[WhiteElo "2357"]
[BlackElo "2387"]
[PlyCount "86"]
[EventDate "2009.09.06"]
[EventType "team-tourn"]
[EventRounds "11"]
[EventCountry "AUT"]
[SourceTitle "EXT 2022"]
[Source "ChessBase"]
[SourceDate "2021.10.06"]
[SourceVersion "1"]
[SourceVersionDate "2021.10.06"]
[SourceQuality "1"]

1. Nf3 Nf6 2. g3 e6 3. Bg2 d5 4. 0-0 Be7 5. c4 0-0 6. d4 dxc4 7. Qc2 a6 8. Qxc4 b5 9. Qc2 Bb7 10. Bf4 Nc6 11. Nc3 Nxd4 12. Nxd4 Bxg2 13. Nxe6 fxe6 14. Kxg2 c5 15. Rad1 Qb6 16. f3 Rad8 17. Ne4 Qc6 18. Ng5 h6 19. Nh3 Rxd1 20. Rxd1 Rd8 21. Rc1 Qd5 22. Bc7 Rd7 23. Nf4 Qd2 24. Bb6 Qxc2 25. Rxc2 c4 26. e4 Kf7 27. b3 cxb3 28. axb3 g5 29. Ne2 g4 30. Bd4 gxf3+ 31. Kxf3 a5 32. Be3 h5 33. Nd4 a4 34. Nxb5 axb3 35. Rc3 b2 36. Rb3 Rd3 37. Rxb2 Ng4 38. Re2 Bc5 39. e5 Nxe3 40. Ke4 Rb3 41. Rf2+ Nf5 42. Nd6+ Bxd6 43. exd6 Kf6 0-1

[Event "Vienna op 16th"]
[White "Certek, Pavel"]
[Black "Bawart, Markus"]
[Site "Vienna"]
[Round "3"]
[Result "0-1"]
[Date "2009.08.17"]
[WhiteElo "2244"]
[BlackElo "2385"]
[PlyCount "84"]
[EventDate "2009.08.15"]
[EventType "swiss"]
[EventRounds "9"]
[EventCountry "AUT"]
[SourceTitle "CBM 131 Extra"]
[Source "ChessBase"]
[SourceDate "2009.09.03"]
[SourceVersion "2"]
[SourceVersionDate "2009.09.16"]
[SourceQuality "1"]

1. d4 Nf6 2. Nf3 g6 3. g3 Bg7 4. Bg2 0-0 5. 0-0 d6 6. b3 Nc6 7. Bb2 e5 8. dxe5 Ng4 9. Nbd2 Re8 10. Qc1 dxe5 11. e4 Be6 12. h3 Nh6 13. Re1 f6 14. Nf1 Nf7 15. Kh2 Qd7 16. Ne3 Rad8 17. Ng1 Bh6 18. Bc3 Nd4 19. Qb2 c5 20. Rad1 Qc7 21. Bd2 Bg7 22. c3 Nc6 23. Nd5 Qb8 24. Be3 b6 25. b4 cxb4 26. cxb4 Nd6 27. Rc1 Bxd5 28. exd5 Ne7 29. Nf3 Kh8 30. Red1 Ndf5 31. Qb3 Nxe3 32. fxe3 Bh6 33. Nd2 Nf5 34. Nf1 e4 35. Qc3 Qd6 36. b5 Bg5 37. Qe1 Qe5 38. Rc4 Nd6 39. Rcd4 f5 40. a4 Rc8 41. Rc1 Rxc1 42. Qxc1 Qxd4 0-1

[Event "Niederoesterreich Landesliga 0809"]
[White "Penz, Harald"]
[Black "Bawart, Markus"]
[Site "Austria"]
[Round "7"]
[Result "0-1"]
[Date "2009.01.11"]
[WhiteElo "2323"]
[BlackElo "2349"]
[PlyCount "88"]
[EventDate "2008.09.28"]
[EventType "team-tourn"]
[EventRounds "11"]
[EventCountry "AUT"]
[SourceTitle "EXT 2022"]
[Source "ChessBase"]
[SourceDate "2021.10.06"]
[SourceVersion "1"]
[SourceVersionDate "2021.10.06"]
[SourceQuality "1"]

1. e4 d5 2. exd5 Qxd5 3. Nc3 Qd6 4. Bc4 Nf6 5. Nge2 a6 6. 0-0 b5 7. Bd3 Bb7 8. Ng3 Nbd7 9. Nge4 Qc6 10. Re1 h5 11. Qf3 h4 12. Nxf6+ Nxf6 13. Qxc6+ Bxc6 14. Ne4 h3 15. Nxf6+ gxf6 16. g3 e6 17. a4 b4 18. Be4 Kd7 19. d3 f5 20. Bxc6+ Kxc6 21. Bf4 Rd8 22. b3 Rd5 23. Re2 Bg7 24. Rae1 Bc3 25. Bd2 Rhd8 26. Bxc3 bxc3 27. f3 Kc5 28. Kf2 Kb4 29. Ra1 a5 30. Re3 Rd4 31. Re5 c6 32. Rae1 R8d6 33. f4 Rd8 34. R1e2 R4d5 35. Rxd5 Rxd5 36. Ke1 Ka3 37. Kd1 Kb2 38. Re3 f6 39. Rxe6 Rxd3+ 40. Ke1 Rxg3 41. Rxf6 Rg1+ 42. Kf2 Rg2+ 43. Ke3 Rxc2 44. Rxf5 Rxh2 0-1

[Event "AUT-chT2O 0809"]
[White "Bawart, Markus"]
[Black "Wukits, Rene"]
[Site "Austria"]
[Round "1.3"]
[Result "1/2-1/2"]
[Date "2008.10.03"]
[WhiteElo "2378"]
[BlackElo "2318"]
[PlyCount "24"]
[EventDate "2008.10.03"]
[EventType "tourn"]
[EventRounds "11"]
[EventCountry "AUT"]
[SourceTitle "EXT 2009"]
[Source "ChessBase"]
[SourceDate "2008.11.26"]
[SourceVersion "1"]
[SourceVersionDate "2008.11.26"]
[SourceQuality "1"]
[WhiteTeam "Waehring"]
[BlackTeam "Tschaturanga"]
[WhiteTeamCountry "AUT"]
[BlackTeamCountry "AUT"]

1. f4 c5 2. Nf3 Nf6 3. b3 d6 4. Bb2 Nbd7 5. e3 e6 6. Be2 b6 7. 0-0 Bb7 8. Qe1 a6 9. a4 Qc7 10. Nc3 e5 11. fxe5 dxe5 12. Ng5 h6 1/2-1/2

[Event "Oberwart op-A"]
[White "Bawart, Markus"]
[Black "Ghaem Maghami, Ehsan"]
[Site "Oberwart"]
[Round "5"]
[Result "1/2-1/2"]
[Date "2007.07.11"]
[WhiteElo "2365"]
[BlackElo "2610"]
[PlyCount "63"]
[EventDate "2007.07.07"]
[EventType "swiss"]
[EventRounds "9"]
[EventCountry "AUT"]
[SourceTitle "CBM 119 Extra"]
[Source "ChessBase"]
[SourceDate "2007.09.04"]
[SourceVersion "1"]
[SourceVersionDate "2007.09.04"]
[SourceQuality "1"]

1. g3 d5 2. Nf3 Nf6 3. Bg2 c5 4. c4 d4 5. d3 Nc6 6. 0-0 g6 7. a3 a5 8. Qa4 Bd7 9. Bg5 Bg7 10. e4 h6 11. Bc1 e5 12. Qd1 a4 13. Nbd2 0-0 14. Rb1 Ne8 15. b3 Nd6 16. bxa4 Ne7 17. Rb5 Nxb5 18. axb5 Qc8 19. Re1 Bh3 20. Bh1 g5 21. Bg2 Ng6 22. Bxh3 Qxh3 23. Kh1 Qe6 24. Ng1 Ra7 25. h3 b6 26. Kg2 Ne7 27. Qh5 f5 28. exf5 Nxf5 29. Ne4 Raf7 30. Re2 Nd6 31. Nxd6 Qxd6 32. f3 1/2-1/2